Kansas Mens Basketball NCAA Tourney Opponents - Statistics

General Stats
  • This quiz has been taken 216 times
    197 since last reset
  • The average score is 75 of 153
Answer Stats
Year Result Opponent % Correct
2018 W Duke
94%
2003 W Duke
94%
2000 L Duke
94%
1991 L Duke
94%
1988 W Duke
94%
1986 L Duke
94%
2013 W North Carolina
87%
2012 W North Carolina
87%
2008 W North Carolina
87%
1993 L North Carolina
87%
1991 W North Carolina
87%
1957 L North Carolina
87%
2012 L Kentucky
83%
2007 W Kentucky
83%
1999 L Kentucky
83%
1960 W Texas
82%
2007 L UCLA
82%
1990 L UCLA
82%
1978 L UCLA
82%
1974 L UCLA
82%
1971 L UCLA
82%
2018 L Villanova
80%
2016 L Villanova
80%
2008 W Villanova
80%
2013 L Michigan
77%
1988 W Oklahoma
77%
2017 L Oregon
75%
2002 W Oregon
75%
2003 W Arizona
72%
1997 L Arizona
72%
1996 W Arizona
72%
2017 W Michigan St
71%
2009 L Michigan St
71%
1986 W Michigan St
71%
2008 W Memphis
69%
1940 W Southern California
69%
1985 W Ohio
67%
1988 W Kansas St
66%
2012 W Ohio St
66%
2003 L Syracuse
66%
2001 W Syracuse
66%
1996 L Syracuse
66%
1993 W Indiana
65%
1991 W Indiana
65%
1953 L Indiana
65%
1940 L Indiana
65%
1953 W Washington
64%
2017 W Purdue
62%
2012 W Purdue
62%
1997 W Purdue
62%
1994 L Purdue
62%
1991 W Arkansas
61%
1953 W Oklahoma St
61%
1995 L Virginia
59%
2016 W Connecticut
58%
2014 L Stanford
58%
2002 W Stanford
58%
2003 W Arizona St
57%
1981 W Arizona St
57%
1967 W Louisville
57%
2012 W NC State
57%
1986 W NC State
57%
2018 W Penn
57%
2011 W Illinois
56%
2002 W Illinois
56%
2001 L Illinois
56%
2015 L Wichita St
56%
1981 L Wichita St
56%
1993 W California
55%
2016 W Maryland
53%
2002 L Maryland
53%
2008 W UNLV
52%
2018 W Clemson
51%
1942 L Colorado
51%
2004 L Georgia Tech
51%
1987 W Houston
49%
1971 W Houston
49%
1967 L Houston
49%
1985 L Auburn
48%
1974 W Creighton
48%
2011 L VCU
48%
1981 W Mississippi
47%
2015 W New Mexico St
45%
2010 L Northern Iowa
45%
1952 W TCU
45%
2003 W Utah St
45%
1987 L Georgetown
44%
1993 W Brigham Young
43%
2003 W Marquette
42%
1974 L Marquette
42%
1994 W Wake Forest
42%
1984 L Wake Forest
42%
2005 L Bucknell
40%
1952 W St. Johns
40%
1992 L UTEP
40%
1966 L UTEP
40%
2006 L Bradley
39%
1960 L Cincinnati
39%
2009 W North Dakota St
39%
1988 W Xavier
39%
1991 W Pittsburgh
38%
2008 W Davidson
37%
1975 L Notre Dame
36%
2009 W Dayton
35%
1998 L Rhode Island
35%
1986 W Temple
34%
2013 W Western Kentucky
34%
1995 W Western Kentucky
34%
1971 L Western Kentucky
34%
2018 W Seton Hall
33%
2011 W Richmond
32%
1971 W Drake
31%
1966 W SMU
31%
1957 W SMU
31%
2000 W DePaul
29%
1987 W Missouri St
28%
1957 W San Francisco
28%
1952 W St. Louis
28%
1988 W Vanderbilt
28%
2008 W Portland St
26%
1942 W Rice
26%
1940 W Rice
26%
2010 W Lehigh
25%
2002 W Holy Cross
24%
1988 W Murray St
23%
2007 W Southern Illinois
23%
2012 W Detroit
22%
1993 W Ball St
21%
1974 W Oral Roberts
21%
2004 W UAB
20%
2016 W Austin Peay
18%
2014 W Eastern Kentucky
18%
1992 W Howard
18%
1997 W Jackson St
18%
2004 W Pacific
18%
1996 W South Carolina St
18%
2011 W Boston University
17%
1991 W New Orleans
16%
1994 W Chattanooga
15%
1995 W Colgate
15%
1999 W Evansville
15%
2017 W UC Davis
14%
1996 W Santa Clara
13%
1952 W Santa Clara
13%
1984 W Alcorn St
12%
2007 W Niagara
11%
1990 W Robert Morris
11%
2001 W Cal St. Northridge
9%
2004 W Illinois-Chicago
9%
1998 W Prairie View
8%
1986 W N. Carolina A&T
7%
1957 W Oklahoma City
2%
1953 W Oklahoma City
2%
No matching quizzes found
Score Distribution
Percent of People with Each Score
Percentile by Number Answered
Your Score History
You have not taken this quiz since the last reset